Les remakes Disney - Statistiques

Statistiques générales
  • Ce quiz a été pris 311 fois
    64 depuis la dernière actualisation
  • Le résultat moyen est 13 sur 25
Statistiques - réponses
Hint Année de sortie Réponse % Correct
24 2025 Blanche Neige
93%
15 2019 Le roi lion
88%
6 2015 Cendrillon
84%
10 2017 La belle et la bête
81%
22 2023 La petite sirène
81%
18 2020 Mulan
70%
5 2014 Maléfique
65%
13 2019 Dumbo
60%
7 2016 Le livre de la jungle
60%
14 2019 Aladdin
58%
1 1994 Le livre de la jungle
58%
25 2025 Lilo et Stitch
58%
20 2022 Pinocchio
58%
17 2019 La belle et le clochard
56%
2 1996 Les 101 dalmatiens
56%
4 2010 Alice au pays des merveilles
53%
19 2021 Cruella
53%
9 2016 Alice de l'autre côté du miroir
25%
8 2016 Peter et Elliott le Dragon
23%
21 2023 Peter pan et Wendy
21%
11 2018 Jean Christophe et Winnie
19%
12 2018 Le retour de Mary Poppins
18%
16 2019 Maléfique le pouvoir du mal
14%
23 2024 Mufasa le roi lion
11%
3 2000 102 dalmatiens
9%
Aucun quiz correspondant
Distribution des résultats
% des personnes avec chaque résultat
Percentile par nombre de réponses
Votre historique - résultats
Vous n’avez pas pris ce quiz depuis la dernière actualisation